| 000 | 00912cam a2200277 a 4500 | ||
|---|---|---|---|
| 999 |
_c4278 _d4278 |
||
| 001 | 3296115 | ||
| 003 | GZU | ||
| 005 | 20210315111607.0 | ||
| 008 | 830620s1983 nyua b 001 0 eng | ||
| 010 | _a 83013096 | ||
| 020 |
_a0194341313 (pbk.) : _c$4.95 |
||
| 040 |
_aDLC _cDLC _dDLC |
||
| 050 | 0 | 0 |
_aPE1128.A2 _bRAI 1983 |
| 082 | 0 | 0 |
_a808/.042 _219 |
| 100 | 1 |
_aRaimes, Ann, _d1938- |
|
| 245 | 1 | 0 |
_aTechniques in teaching writing / _cAnn Raimes. |
| 260 |
_aNew York, NY : _bOxford University Press, _c1983. |
||
| 300 |
_aviii, 164 p. : _bill. ; _c23 cm. |
||
| 440 | 0 | _aTeaching techniques in English as a second language | |
| 500 | _aIncludes index. | ||
| 504 | _aBibliography: p. 160-162. | ||
| 650 | 0 |
_aEnglish language _xStudy and teaching _xForeign speakers. |
|
| 650 | 0 |
_aReport writing _xStudy and teaching. |
|
| 906 |
_a7 _bcbc _corignew _d1 _eocip _f19 _gy-gencatlg |
||
| 942 |
_2lcc _cBK _h1128.A2 _iRAI _kPE |
||